| 000 | 00491nam a22001697a 4500 | ||
|---|---|---|---|
| 999 |
_c40685 _d40685 |
||
| 003 | OSt | ||
| 005 | 20200606120114.0 | ||
| 008 | 191028b ||||| |||| 00| 0 eng d | ||
| 020 | _a8188501057 | ||
| 040 | _cMESKC library | ||
| 082 |
_a954 _bVEN/S |
||
| 100 |
_aVenkatesh,R _987 |
||
| 245 |
_aSubhash Chandra Bose Vyathithuv Avam Vichar/ _cR Venkatesh |
||
| 260 |
_aDelhi: _bSarada Pustak Mandir, _c2013 |
||
| 300 | _a168p | ||
| 942 |
_2ddc _cBK _h954 _iVEN/S _k954 _mVEN/S |
||